000 00383nam a2200145Ia 4500
008 220216s9999 xx 000 0 und d
100 _aDanvivathana Pornchai
245 0 _aMalaysia Thailand joit collaboration on rubber
260 _bRubber International Magazine
_c1999
300 _a63-69
650 _aMalaysia
650 _aNatural rubber
650 _aThailand
942 _cJS
999 _c62385
_d62385